Gandhiji and His Way of Life (Record no. 105909)

MARC details
000 -LEADER
fixed length control field 00359nam a2200121Ia 4500
008 - FIXED-LENGTH DATA ELEMENTS--GENERAL INFORMATION
fixed length control field 211119s9999||||xx |||||||||||||| ||und||
082 ## - DEWEY DECIMAL CLASSIFICATION NUMBER
Classification number 954.045
Item number ELE-G
100 ## - MAIN ENTRY--PERSONAL NAME
Personal name Elevamkudy, Fr Antony
245 #0 - TITLE STATEMENT
Title Gandhiji and His Way of Life
260 ## - PUBLICATION, DISTRIBUTION, ETC.
Name of publisher, distributor, etc. Poornodaya Book Trust
Place of publication, distribution, etc. Kochi
Date of publication, distribution, etc. 2000
650 ## - SUBJECT ADDED ENTRY--TOPICAL TERM
Topical term or geographic name entry element history
942 ## - ADDED ENTRY ELEMENTS (KOHA)
Koha item type BOOK
650 ## - SUBJECT ADDED ENTRY--TOPICAL TERM
Form subdivision gandhiEconomics
General subdivision PGR-GANDHIAN STUDIES
Holdings
Withdrawn status Lost status Damaged status Not for loan Home library Current library Date acquired Cost, normal purchase price Total Checkouts Full call number Barcode Shelving location Date last seen Price effective from Koha item type
        SB LIBRARY SB LIBRARY 19/11/2021 75.00   954.045 ELE-G 00119301 PGR-GANDHIAN STUDIES 19/11/2021 19/11/2021 BOOK

Powered by Koha